| 000 | 00914cam a2200289 i 4500 | ||
|---|---|---|---|
| 999 |
_c8958 _d8958 |
||
| 001 | 8958 | ||
| 003 | BD-JhCC | ||
| 005 | 20180306101750.0 | ||
| 008 | 780424s1978 caua bs 001 0 eng | ||
| 020 |
_a0804709254 : _c$12.50 |
||
| 035 | _a(BD-JhCC)8958 | ||
| 040 |
_aDLC _cDLC _dDLC |
||
| 041 | _aeng | ||
| 050 | 0 | 0 |
_aHC470.I5 _bA33 |
| 082 | 0 | 0 |
_a339.2/09519 _bADE 1978 |
| 100 | 1 | _aAdelman, Irma. | |
| 245 | 1 | 0 |
_aIncome distribution policy in developing countries : _ba case study of Korea / _cIrma Adelman & Sherman Robinson. |
| 260 |
_aStanford, Calif. : _bPublished for the World Bank [by] Stanford University Press, _c1978. |
||
| 300 |
_axvii, 346 p. : _bdiagrs. ; _c24 cm. |
||
| 500 | _aIncludes index. | ||
| 504 | _aBibliography: p. 337-341. | ||
| 650 | 0 |
_aIncome distribution _zKorea. |
|
| 700 | 1 | _aRobinson, Sherman, | |
| 710 | 2 | _aWorld Bank. | |
| 942 |
_2ddc _cBK |
||